A summary of régulation theory /

El presente artículo reseña una serie de conceptos como hipótesis que han sido creadas por medio de análisis del contexto capitalista estadounidense y el francés, con sus respectivos desarrollos y consolidaciones. Así, el artículo tiene como propósito mostrar las principales alternativas que han sid...

Descrición completa

Gardado en:
Detalles Bibliográficos
Autor Principal: Boyer, Robert
Outros autores: Saillard, Yves
Formato: Texto
Idioma:Spanish
Materias:
Etiquetas: Engadir etiqueta
Sen Etiquetas, Sexa o primeiro en etiquetar este rexistro!

MARC

LEADER 00000 a a2200000 04500
001 43950
003 cru IIS
005 20220616110902.0
008 220616b |||||||| |||| 00| 0 spa d
040 |c CRAI 
100 |a Boyer, Robert  
245 |a A summary of régulation theory /  |c Robert Boyer y Yves Saillard  
520 |a El presente artículo reseña una serie de conceptos como hipótesis que han sido creadas por medio de análisis del contexto capitalista estadounidense y el francés, con sus respectivos desarrollos y consolidaciones. Así, el artículo tiene como propósito mostrar las principales alternativas que han sido adoptadas por la Teoría de la Regulación al mismo tiempo que se ofrece una breve presentación de las estructuras conceptuales básicas usadas por la investigación. FGO 16/06/2022 
650 0 |2 TESAURO OCDE  |9 1649  |a TEORIA ECONOMICA 
650 0 |2 TESAURO OCDE  |9 64  |a CAPITALISMO 
651 0 |2 TESAURO OCDE  |9 7599  |a ESTADOS UNIDOS DE AMERICA 
651 0 |2 TESAURO OCDE  |9 4626  |a FRANCIA 
700 |a Saillard, Yves  
773 |g páginas 36-44  
942 |2 ddc  |c LI 
999 |c 37334  |d 37334